000 00680nam a2200193Ia 4500
003 GCL
008 140319s9999 xx 000 0 ara d
040 _aGCL /
_cGCL
082 0 4 _aق
_b398.232932
_bت م
100 1 _aتيبو، روبير جاك
245 1 0 _aموسوعة الاساطير والرموز الفرعونية /
_cتيبو، روبير جاك
260 _aالقاهرة :
_bالمجلس الاعلى للثقافة ،
_c2004
300 _a377 ص ؛
_c24 سم
650 0 4 _aقدماء المصريين
650 0 4 _aالفراعنة - اساطير
650 0 4 _aالاساطير - مصر
650 0 4 _aمصر القديمة - تاريخ
942 _2ddc
_cBK
999 _c34744
_d34744